Statistics for Pairs #16

Click here to take the quiz!

General Stats

  • This quiz has been taken 58 times
  • The average score is 21 of 25

Answer Stats

HintAnswer% Correct
ThunderLightning
100%
PenPaper
100%
FleshBone
98%
FoodDrink
96%
LockKey
96%
DolceGabbana
94%
MM’s
94%
RightWrong
94%
AbercrombieFitch
91%
JohnsonJohnson
91%
NowLater
91%
BeltSuspenders
89%
WearTear
89%
AW
89%
NearDear
85%
OverDone with
85%
ChutesLadders
83%
SeekDestroy
72%
MarksSpencer
72%
ChopChange
70%
HR Block
68%
LookFeel
64%
BartlesJaymes
62%
HideWatch
62%
DeloitteTouche
47%

Score Distribution

Percentile by Number Answered

Percent of People with Each Score

Your Score History

You have not taken this quiz